| 000 | 005190000a22001810004500 | ||
|---|---|---|---|
| 003 | MACL | ||
| 005 | 20150704130731.0 | ||
| 008 | 150704b xxu||||| |||| 00| 0 eng d | ||
| 040 |
_aMACL _cMACL |
||
| 041 | _aEnglish | ||
| 082 | _a300/SIN | ||
| 100 |
_aSinha, Surajit _9492 |
||
| 245 |
_aAspects of Indian Culture and Society _bEssays in Felicitiation of Professor Nirmal Kumar Bose |
||
| 260 |
_bThe Indian Anthrolpological Society _c1972 _aCalcutta |
||
| 350 | _a30 | ||
| 650 |
_aSociology _919 |
||
| 942 |
_cBK _k300 _2ddc |
||
| 999 |
_c5719 _d5719 |
||